Primary health care under panchayati raj in Gujarat: perceptions of health service staff (Record no. 43029)

000 -LEADER
fixed length control field 00481pab a2200169 454500
008 - FIXED-LENGTH DATA ELEMENTS--GENERAL INFORMATION
fixed length control field 180718b1996 xxu||||| |||| 00| 0 eng d
100 ## - MAIN ENTRY--PERSONAL NAME
Personal name Mavalankar, Dileep
245 ## - TITLE STATEMENT
Title Primary health care under panchayati raj in Gujarat: perceptions of health service staff
260 ## - PUBLICATION, DISTRIBUTION, ETC.
Date of publication, distribution, etc. 1996
300 ## - PHYSICAL DESCRIPTION
Extent p.54-69
362 ## - DATES OF PUBLICATION AND/OR SEQUENTIAL DESIGNATION
Dates of publication and/or sequential designation Mar
650 ## - SUBJECT ADDED ENTRY--TOPICAL TERM
Topical term or geographic name entry element Health services - India - Gujarat
650 ## - SUBJECT ADDED ENTRY--TOPICAL TERM
Topical term or geographic name entry element Health services
700 ## - ADDED ENTRY--PERSONAL NAME
Personal name Patel, Vinubhai M.
773 ## - HOST ITEM ENTRY
Main entry heading Social Change
909 ## -
-- 43029
Holdings
Withdrawn status Lost status Damaged status Not for loan Permanent Location Current Location Date acquired Serial Enumeration / chronology Barcode Date last seen Price effective from Koha item type
        Indian Institute of Public Administration Indian Institute of Public Administration 2018-07-19 Volume no: 2826, Issue no: 1 AR43414 2018-07-19 2018-07-19 Articles

Powered by Koha